| 000 -CABECERA |
| Longitud fija campo de control |
00624nam a2200193 a 4500 |
| 001 - NÚMERO DE CONTROL |
| Número de control |
1139 |
| 003 - IDENTIFICADOR DEL NÚMERO DE CONTROL |
| Identificador del número de control |
CDMR |
| 005 - FECHA Y HORA DE LA ÚLTIMA TRANSACCIÓN |
| Fecha y hora de la última transacción |
20131014133601.0 |
| 008 - CÓDIGOS DE INFORMACIÓN DE LONGITUD FIJA |
| Códigos de información de longitud fija |
130130s1997||||||||||||||||||||||||||||d |
| 020 ## - NÚMERO INTERNACIONAL NORMALIZADO PARA LIBROS |
| Número Internacional Normalizado para Libros (ISBN) |
8492028955 |
| 040 ## - FUENTE DE LA CATALOGACIÓN |
| Centro catalogador de origen |
CDMR |
| Lengua de catalogación |
cat |
| Centro transcriptor |
CPC GIRONA |
| 100 1# - PUNTO DE ACCESO PRINCIPAL-NOMBRE DE PERSONA |
| 9 (RLIN) |
423 |
| Nombre de persona |
Burguet Ardiaca, Francesc |
| 245 14 - MENCIÓN DE TÍTULO |
| Título |
Els diaris de la Rambla |
| Resto del título |
: memòries del periodista Lluís Aymamí i Baudina (1899-1979) |
| Mención de responsabilidad, etc. |
Francesc Burguet |
| 260 ## - PUBLICACIÓN, DISTRIBUCIÓN, ETC. (PIE DE IMPRENTA) |
| Fecha de publicación, distribución, etc. |
1997 |
| Nombre del editor, distribuidor, etc. |
Diputació de Barcelona |
| Lugar de publicación, distribución, etc. |
Barcelona : |
| 490 0# - MENCIÓN DE SERIE |
| Mención de serie |
Vaixells de Paper |
| Designación de volumen o secuencia |
22 |
| 600 1# - PUNTO DE ACCESO ADICIONAL DE MATERIA - NOMBRE DE PERSONA |
| 9 (RLIN) |
6 |
| Nombre de persona |
Aymami i Baudina, Lluís |
| 650 04 - PUNTO DE ACCESO ADICIONAL DE MATERIA - TÉRMINO DE MATERIA |
| 9 (RLIN) |
3139 |
| Término de materia o nombre geográfico como elemento inicial |
Periodistes catalans |
| Subdivisión de forma |
Biografia |
| 942 ## - ENTRADA DE ELEMENTOS AGREGADOS (KOHA) |
| Koha [por defecto] tipo de item |
Monografies |
| Fuente de clasificaión o esquema |
|